GUESS THE INDIAN LANGUAGE WRITTEN IN IT'S SCRIPT - Statistics

General Stats
  • This quiz has been taken 1,298 times
  • The average score is 9 of 12
Answer Stats
Hint Answer % Correct
தமிழ் TAMIL
91%
हिन्दी HINDI
88%
తెలుగు TELUGU
85%
اُردُو URDU
82%
ಕನ್ನಡ KANNADA
80%
മലയാളം MALAYALAM
79%
বাংলা BENGALI
78%
ગુજરાત GUJARATI
74%
मराठी MARATHI
74%
ਪੰਜਾਬੀ PUNJABI
66%
कोंकणी KONKANI
57%
ଓଡ଼ିଆ ORIYA
41%
No matching quizzes found
Score Distribution
Percent of People with Each Score
Percentile by Number Answered
Your Score History
You have not taken this quiz